| 000 | 01065naa a2200289 c 4500 | ||
|---|---|---|---|
| 001 | 48626 | ||
| 999 |
_c48626 _d48626 |
||
| 003 | ES-MaCES | ||
| 005 | 20161212143319.0 | ||
| 008 | 161212s2016 sp ||||| t||||||| ||spa d | ||
| 040 |
_aES-MaCES _bspa _cES-MaCES _dES-MaCES |
||
| 100 | 1 |
_937604 _aOrdás, Daniel |
|
| 245 | 1 | 3 |
_aEl "no" a la Renta Básica _b: no es un "no" al debate _cDaniel Ordás |
| 650 | 4 |
_929342 _aingreso garantizado |
|
| 650 | 4 |
_929048 _abajos ingresos |
|
| 650 | 4 |
_930648 _alucha contra la pobreza |
|
| 650 | 4 |
_930629 _aexclusión social |
|
| 650 | 4 |
_927029 _apolítica social |
|
| 650 | 4 |
_929076 _aprotección social |
|
| 650 | 4 |
_930465 _apago de prestaciones |
|
| 650 | 4 |
_929756 _aparticipación popular |
|
| 650 | 4 |
_929906 _areferéndum |
|
| 650 | 4 |
_926966 _aSuiza |
|
| 653 | 1 | 0 | _aAsuntos Sociales |
| 773 | 0 |
_985080 _dMadrid (Fuencarral, 127, 28010) Iniciativas editoriales Sistema 1994- _o087978 _tTemas para el debate _w(ES-MaCES)25480 _gn. 260 (jul. 2016) {10474 R. 087978} ;p. 53-54 |
|
| 902 | _aART Artículo de revista | ||
| 942 |
_2CES _cAR _h3.3. |
||